Connectem amb les persones, l'eficiència i la sostenibilitat i la tecnologia
Descripción Física:
10 pàgines no númerades : il·lustracions ; 22 cm
Idioma:
Catalán
MARC
| LEADER | 00000nam a2200000 a 4500 | ||
|---|---|---|---|
| 001 | 26362 | ||
| 008 | 220727b spa||||| |||| 00| 0 cat d | ||
| 080 | |a FU-72-42 | ||
| 245 | |a Connectem amb les persones, l'eficiència i la sostenibilitat i la tecnologia | ||
| 260 | |a Barcelona : |b Diputació de Barcelona, |c 2017 | ||
| 300 | |a 10 pàgines no númerades : |b il·lustracions ; |c 22 cm | ||
| 610 | 1 | 0 | |a Barcelona (Catalunya : Província). |b Diputació |9 52408 |
| 710 | 1 | |a Barcelona (Catalunya : Província). |b Diputació |9 52408 | |
| 942 | |2 udc |c ARXIU |n 1 | ||
| 952 | |0 0 |1 0 |4 0 |6 FU7242 |7 1 |9 63232 |a Arxiu |b Arxiu |d 2022-07-27 |l 0 |o FU-72-42 |p 26362 |r 2022-07-27 00:00:00 |w 2022-07-27 |y ARXIU | ||
| 999 | |c 82491 |d 82491 | ||